000 00593nam a2200181Ia 4500
008 100917s9999 xx 000 0 und d
082 _b10370
100 _aविजापुरे आनंदीबाई
245 _aअजुन चालतेचि वाट !
260 _bकुलकर्णी पंडित अनंत
_c1972
300 _a293
365 _b20
520 _aचरित्र
630 _aअजुन चालतेचि वाट !
650 _aचरित्र
730 _aअजुन चालतेचि वाट !
942 _cBOOK
999 _c615764
_d615761